[Event "FIRST SATURDAY TOURNAMENTS Budapest FM A"]
[Site "Budapest"]
[Date "2012.10.06"]
[Round "1.1"]
[White "Tessedik, Karoly"]
[Black "Gal, Hanna Krisztina"]
[Result "0-1"]
[WhiteElo "1868"]
[BlackElo "2012"]
[PlyCount "80"]
[EventDate "2012.10.06"]

1. d4 Nf6 2. Nf3 e6 3. g3 c5 4. Bg2 Nc6 5. O-O Be7 6. c4 d5 7. cxd5 exd5 8. Nc3
O-O 9. h3 h6 10. Be3 cxd4 11. Nxd4 Re8 12. Rc1 Be6 13. Nxe6 fxe6 14. Na4 Bd6
15. a3 Qe7 16. b4 Ne5 17. Bc5 Bxc5 18. Nxc5 Rac8 19. e4 b6 20. exd5 bxc5 21. d6
Qd7 22. bxc5 Qb5 23. a4 Qd7 24. Re1 Nc6 25. Bf1 Nd5 26. Bc4 Nf6 27. f4 Kh8 28.
g4 Rb8 29. g5 Ng8 30. Bb5 Rbc8 31. Qh5 Rf8 32. Qg6 hxg5 33. fxg5 Rf5 34. Bd3
Nh6 35. gxh6 Nd4 36. Bxf5 Nxf5 37. hxg7+ Nxg7 38. Rc4 Nf5 39. Rxe6 Rg8 40. c6
Qxe6 0-1

[Event "FIRST SATURDAY TOURNAMENTS Budapest FM A"]
[Site "Budapest"]
[Date "2012.10.06"]
[Round "1.4"]
[White "Wanger, Tamas"]
[Black "Henrichsen, Jens"]
[Result "1-0"]
[WhiteElo "1932"]
[BlackElo "1908"]
[PlyCount "111"]
[EventDate "2012.10.06"]

1. d4 Nf6 2. c4 e6 3. Nf3 b6 4. g3 Ba6 5. Qc2 Bb7 6. Bg2 Be7 7. Nc3 d5 8. cxd5
exd5 9. O-O O-O 10. Bd2 c6 11. Rac1 Nbd7 12. Rfe1 Re8 13. Bg5 h6 14. Bxf6 Bxf6
15. e4 dxe4 16. Nxe4 Be7 17. Qc4 b5 18. Qb3 Rc8 19. Rcd1 Nf6 20. Ne5 Nd5 21.
Nc3 b4 22. Nxc6 Bxc6 23. Nxd5 Bxd5 24. Bxd5 Rf8 25. Bg2 Qd6 26. d5 a5 27. Rc1
Bg5 28. Rc4 Rc5 29. Qc2 Rxc4 30. Qxc4 Bf6 31. b3 Bc3 32. Re2 g6 33. Qb5 Ra8 34.
Qc6 Rd8 35. Re8+ Kg7 36. Qxd6 Rxd6 37. Ra8 Kf6 38. Rxa5 Ke5 39. Ra7 f5 40. Kf1
Bd4 41. Ra4 Bc5 42. Ke2 Rd7 43. Ra6 Ra7 44. f4+ Kd4 45. Rxa7 Bxa7 46. d6 Kc3
47. d7 Bb6 48. h3 Bd8 49. Bb7 g5 50. Ba6 Kb2 51. Kd2 Kxa2 52. Kc2 Ka3 53. Bd3
gxf4 54. gxf4 h5 55. Bxf5 h4 56. Be6 1-0

[Event "FIRST SATURDAY TOURNAMENTS Budapest FM A"]
[Site "Budapest"]
[Date "2012.10.08"]
[Round "2.1"]
[White "Gal, Hanna Krisztina"]
[Black "Juracsik, Jozsef"]
[Result "1-0"]
[WhiteElo "2012"]
[BlackElo "2164"]
[PlyCount "59"]
[EventDate "2012.10.06"]

1. e4 c5 2. Nf3 d6 3. c3 Nf6 4. Be2 Bd7 5. d3 e5 6. O-O Be7 7. h3 O-O 8. Be3
Nc6 9. a4 d5 10. Qc2 d4 11. Bd2 h6 12. Na3 Re8 13. Nc4 Bf8 14. cxd4 cxd4 15.
Qb3 b6 16. Rfc1 Rb8 17. Qd1 a5 18. Nh2 Rc8 19. f4 exf4 20. Bxf4 Be6 21. Nf3 Bc5
22. Nfd2 Bxc4 23. Rxc4 Nxe4 24. Nxe4 Rxe4 25. dxe4 d3+ 26. Rxc5 dxe2 27. Qxd8+
Rxd8 28. Rcc1 Nb4 29. Bg3 Nd3 30. Rc2 1-0

[Event "FIRST SATURDAY TOURNAMENTS Budapest FM A"]
[Site "Budapest"]
[Date "2012.10.08"]
[Round "2.4"]
[White "Borda, Lajos"]
[Black "Szalanczy, Emil"]
[Result "1/2-1/2"]
[WhiteElo "2120"]
[BlackElo "2256"]
[PlyCount "41"]
[EventDate "2012.10.06"]

1. e4 c5 2. Nf3 d6 3. d4 cxd4 4. Nxd4 Nf6 5. Nc3 g6 6. Be3 Bg7 7. f3 O-O 8. Qd2
Nc6 9. O-O-O d5 10. exd5 Nxd5 11. Nxc6 bxc6 12. Bd4 Bxd4 13. Qxd4 Qb6 14. Nxd5
cxd5 15. h4 Qxd4 16. Rxd4 Bb7 17. h5 e5 18. Rb4 Bc6 19. hxg6 hxg6 20. Rbh4 Kg7
21. b3 1/2-1/2

[Event "FIRST SATURDAY TOURNAMENTS Budapest FM A"]
[Site "Budapest"]
[Date "2012.10.09"]
[Round "3.1"]
[White "Darazs, Zoltan"]
[Black "Gal, Hanna Krisztina"]
[Result "1-0"]
[WhiteElo "2124"]
[BlackElo "2012"]
[PlyCount "85"]
[EventDate "2012.10.06"]

1. e4 e6 2. d4 d5 3. Nc3 Nf6 4. e5 Nfd7 5. f4 c5 6. Nf3 a6 7. Be3 Nc6 8. Qd2 b5
9. dxc5 Bxc5 10. Bxc5 Nxc5 11. b4 Ne4 12. Nxe4 dxe4 13. Qxd8+ Kxd8 14. Ng5 Ke7
15. c3 Bb7 16. Nxe4 Nxb4 17. Nd6 Nc2+ 18. Kd2 Nxa1 19. Nxb7 b4 20. Bc4 Rac8 21.
Nd6 Rhd8 22. Bxa6 Rc6 23. Bb5 bxc3+ 24. Kd3 Rb6 25. Kxc3 Rxb5 26. Nxb5 Rc8+ 27.
Kb2 Nc2 28. Rc1 Rb8 29. Kxc2 Rxb5 30. a4 Rb8 31. Ra1 Kd7 32. Kc3 Kc6 33. a5 Kc5
34. a6 Ra8 35. a7 Kb5 36. g3 Kc5 37. Ra5+ Kb6 38. Kb4 Kc6 39. Ra6+ Kb7 40. Kb5
Kc7 41. Ra2 Kb7 42. Ra1 Kc7 43. Ka6 1-0

[Event "FIRST SATURDAY TOURNAMENTS Budapest FM A"]
[Site "Budapest"]
[Date "2012.10.09"]
[Round "3.2"]
[White "Szalanczy, Emil"]
[Black "Tessedik, Karoly"]
[Result "1/2-1/2"]
[WhiteElo "2256"]
[BlackElo "1868"]
[PlyCount "30"]
[EventDate "2012.10.06"]

1. c4 Nf6 2. Nf3 e6 3. g3 c5 4. Bg2 Nc6 5. O-O Be7 6. Nc3 O-O 7. e4 d6 8. b3 e5
9. h3 Nd4 10. d3 h6 11. Kh2 a6 12. Bd2 Bd7 13. a4 b6 14. Qb1 a5 15. Qd1 Kh7
1/2-1/2

[Event "FIRST SATURDAY TOURNAMENTS Budapest FM A"]
[Site "Budapest"]
[Date "2012.10.09"]
[Round "3.3"]
[White "Wanger, Tamas"]
[Black "Borda, Lajos"]
[Result "1/2-1/2"]
[WhiteElo "1932"]
[BlackElo "2120"]
[PlyCount "33"]
[EventDate "2012.10.06"]

1. d4 Nf6 2. Nf3 b5 3. e3 a6 4. a4 bxa4 5. Rxa4 e6 6. c4 d6 7. Nc3 Nbd7 8. e4
e5 9. Ra1 exd4 10. Nxd4 Bb7 11. Bd3 g6 12. O-O Bg7 13. Be3 O-O 14. Nb3 Re8 15.
f3 Nb8 16. Na5 Bc8 17. Re1 1/2-1/2

[Event "FIRST SATURDAY TOURNAMENTS Budapest FM A"]
[Site "Budapest"]
[Date "2012.10.10"]
[Round "4.1"]
[White "Gal, Hanna Krisztina"]
[Black "Henrichsen, Jens"]
[Result "1-0"]
[WhiteElo "2012"]
[BlackElo "1908"]
[PlyCount "63"]
[EventDate "2012.10.06"]

1. e4 c5 2. Nf3 d6 3. c3 Nf6 4. Be2 e6 5. O-O Be7 6. Re1 Nc6 7. Bf1 O-O 8. d4
cxd4 9. cxd4 d5 10. e5 Ne4 11. Nc3 Nxc3 12. bxc3 Bd7 13. Bd3 Rc8 14. Bc2 f5 15.
exf6 Bxf6 16. Qd3 g6 17. Bh6 Bg7 18. Bxg7 Kxg7 19. h4 Qc7 20. Rac1 Qf4 21. h5
Qf5 22. Qb5 Qxh5 23. Qxb7 Rf7 24. Ba4 Rb8 25. Qc7 Rb6 26. Bxc6 Bxc6 27. Qg3 Bb5
28. Ng5 Rf5 29. Qc7+ Kg8 30. Nxe6 Rxe6 31. Rxe6 Qg5 32. Rce1 1-0

[Event "FIRST SATURDAY TOURNAMENTS Budapest FM A"]
[Site "Budapest"]
[Date "2012.10.10"]
[Round "4.3"]
[White "Borda, Lajos"]
[Black "Maqseed, Nasser"]
[Result "1/2-1/2"]
[WhiteElo "2120"]
[BlackElo "2065"]
[PlyCount "82"]
[EventDate "2012.10.06"]

1. e4 c5 2. Nf3 d6 3. d4 cxd4 4. Nxd4 Nf6 5. Qe2 a6 6. c4 e5 7. Nc2 Bg4 8. f3
Be6 9. Be3 Nbd7 10. Qd2 Rc8 11. Nba3 Be7 12. Be2 O-O 13. O-O Nb6 14. b3 Nbd7
15. Nb4 Re8 16. Nd5 Bxd5 17. cxd5 Qc7 18. Rac1 Qb8 19. Nc4 Bd8 20. Qb4 Bc7 21.
Na5 Bxa5 22. Qxa5 Rxc1 23. Rxc1 Rc8 24. Qa3 Ne8 25. b4 Rxc1+ 26. Qxc1 Qc7 27.
Qxc7 Nxc7 28. a4 Kf8 29. a5 f5 30. Bb6 Na8 31. Ba7 fxe4 32. fxe4 Nf6 33. Bd3
Ke7 34. Kf2 Nc7 35. Kf3 h6 36. Be3 Nb5 37. Bxb5 axb5 38. g4 Nh7 39. h4 g5 40.
hxg5 Nxg5+ 41. Bxg5+ hxg5 1/2-1/2

[Event "FIRST SATURDAY TOURNAMENTS Budapest FM A"]
[Site "Budapest"]
[Date "2012.10.10"]
[Round "4.4"]
[White "Tessedik, Karoly"]
[Black "Wanger, Tamas"]
[Result "0-1"]
[WhiteElo "1868"]
[BlackElo "1932"]
[PlyCount "72"]
[EventDate "2012.10.06"]

1. d4 d5 2. c4 c6 3. Nf3 Nf6 4. Nc3 e6 5. g3 Bd6 6. Bg2 O-O 7. Ne5 Nfd7 8. Nxd7
Nxd7 9. cxd5 exd5 10. O-O Nf6 11. Bg5 Be6 12. e4 Be7 13. f3 dxe4 14. Nxe4 h6
15. Bf4 Qb6 16. Rf2 Rfd8 17. Rd2 Nd5 18. Nc3 Nxf4 19. gxf4 Rxd4 20. Kh1 Rad8
21. Rxd4 Qxd4 22. Qxd4 Rxd4 23. Ne4 f5 24. Bh3 Kf7 25. Ng3 Rxf4 26. Kg2 g6 27.
b3 Rd4 28. Re1 Rd2+ 29. Re2 Rxe2+ 30. Nxe2 Bd6 31. Kg1 a6 32. Bf1 b5 33. Kg2 c5
34. Nc1 c4 35. h3 Ba3 36. bxc4 Bxc1 0-1

[Event "FIRST SATURDAY TOURNAMENTS Budapest FM A"]
[Site "Budapest"]
[Date "2012.10.10"]
[Round "4.5"]
[White "Darazs, Zoltan"]
[Black "Szalanczy, Emil"]
[Result "1-0"]
[WhiteElo "2124"]
[BlackElo "2256"]
[PlyCount "133"]
[EventDate "2012.10.06"]

1. e4 c5 2. Nf3 d6 3. d4 cxd4 4. Nxd4 Nf6 5. Nc3 g6 6. Be3 Bg7 7. f3 Nc6 8. Qd2
O-O 9. Bc4 Bd7 10. O-O-O Ne5 11. Bb3 Rc8 12. h4 Nc4 13. Bxc4 Rxc4 14. h5 Nxh5
15. g4 Nf6 16. b3 Rc8 17. Nd5 Nxd5 18. exd5 Be5 19. f4 Bxd4 20. Bxd4 f6 21. f5
Rf7 22. fxg6 hxg6 23. Rh6 Rg7 24. Rdh1 Kf7 25. Rh7 Qg8 26. Rxg7+ Qxg7 27. g5
Bf5 28. c3 a6 29. Qh2 Rd8 30. Qh4 Rf8 31. Qh2 Rd8 32. Re1 Kf8 33. Kb2 Rd7 34.
c4 Kg8 35. Rh1 Kf7 36. a4 Rd8 37. Kc3 Rd7 38. Re1 Kg8 39. Rh1 Rd8 40. Qf4 Kf7
41. Re1 Kg8 42. Qe3 Rd7 43. Kb4 Qf7 44. Qc3 b5 45. gxf6 bxc4 46. bxc4 exf6 47.
Bxf6 Rb7+ 48. Ka3 Qh7 49. Qe3 Qh3 50. Qxh3 Bxh3 51. Rh1 Rh7 52. Be7 Rxe7 53.
Rxh3 Kg7 54. Kb4 g5 55. Ka5 Rc7 56. Rc3 Kf6 57. Kxa6 Ke5 58. Kb6 Rc8 59. a5
Rb8+ 60. Kc7 Ra8 61. Ra3 Kd4 62. Kxd6 Kxc4 63. a6 Kb4 64. Ra1 g4 65. Kc6 g3 66.
Kb7 Rg8 67. a7 1-0